طبقات الفقهاء الشافعيين / (رقم التسجيلة. 179983)
[ عرض عادي ]
| 000 -LEADER | |
|---|---|
| fixed length control field | 01466namaa22003251i 4500 |
| 003 - CONTROL NUMBER IDENTIFIER | |
| control field | EG-GICUC |
| 005 - DATE AND TIME OF LATEST TRANSACTION | |
| control field | 20260505121122.0 |
| 008 - FIXED-LENGTH DATA ELEMENTS--GENERAL INFORMATION | |
| fixed length control field | 260505s1993 ua ||||jr|||| 000 0 ara d |
| 040 ## - CATALOGING SOURCE | |
| Original cataloging agency | EG-GiCUC |
| Language of cataloging | ara |
| Transcribing agency | EG-GiCUC |
| Modifying agency | EG-GiCUC |
| Description conventions | rda |
| 082 04 - DEWEY DECIMAL CLASSIFICATION NUMBER | |
| Edition number | 21 |
| Classification number | 258.3092 |
| Item number | K1962 |
| 092 04 - LOCALLY ASSIGNED DEWEY CALL NUMBER (OCLC) | |
| Edition number | 21 |
| Classification number | 258.3092 |
| Item number | K1962 |
| 099 ## - LOCAL FREE-TEXT CALL NUMBER (OCLC) | |
| Classification number | 258.3092 K1962 1993 |
| 100 1# - MAIN ENTRY--PERSONAL NAME | |
| Personal name | ابن كثير، اسماعيل ابن عمر |
| Dates associated with a name | 1301-1373 |
| Relator term | مؤلف. |
| 245 1# - TITLE STATEMENT | |
| Title | طبقات الفقهاء الشافعيين / |
| Statement of responsibility, etc. | لابن كثير الدمشقى ؛ تحقيق وتعليق وتقديم الدكتور أحمد عمر هاشم، الدكتور محمد زينهم عزب |
| 264 ## - PRODUCTION, PUBLICATION, DISTRIBUTION, MANUFACTURE, AND COPYRIGHT NOTICE | |
| Place of production, publication, distribution, manufacture | القاهرة (مصر) : |
| Name of producer, publisher, distributor, manufacturer | مكتبة الثقافة الدينية، |
| Date of production, publication, distribution, manufacture, or copyright notice | [1993] |
| 300 ## - PHYSICAL DESCRIPTION | |
| Extent | ؛ 3 مجلدات |
| Other physical details | . |
| Dimensions | 25 سم |
| 336 ## - CONTENT TYPE | |
| Source | rdacontent |
| Content type term | text |
| 337 ## - MEDIA TYPE | |
| Source | rdamedia |
| Media type term | Unmediated |
| 338 ## - CARRIER TYPE | |
| Source | rdacarrier |
| Carrier type term | volume |
| 500 ## - GENERAL NOTE | |
| General note | المجلد الثالث بعنوان ذيل طبقات الفقهاء الشافعيين / للعبادى |
| 504 ## - BIBLIOGRAPHY, ETC. NOTE | |
| Bibliography, etc. note | يشتمل على ارجاعات ببليوجرافية وهوامش |
| 541 ## - IMMEDIATE SOURCE OF ACQUISITION NOTE | |
| Source of acquisition | د. جابر عصفور ؛ |
| Address | القاهرة ؛ |
| Method of acquisition | إهداء ؛ |
| Date of acquisition | 2024. |
| 650 17 - SUBJECT ADDED ENTRY--TOPICAL TERM | |
| Topical term or geographic name entry element | الفقه الشافعى |
| Form subdivision | تراجم |
| Source of heading or term | qrmak |
| 650 17 - SUBJECT ADDED ENTRY--TOPICAL TERM | |
| Topical term or geographic name entry element | الفقهاء |
| Form subdivision | تراجم |
| Source of heading or term | qrmak |
| 651 1# - SUBJECT ADDED ENTRY--GEOGRAPHIC NAME | |
| Source of heading or term | qrmak |
| 700 1# - ADDED ENTRY--PERSONAL NAME | |
| Personal name | هاشم، أحمد عمر |
| Relator term | محقق. |
| 700 1# - ADDED ENTRY--PERSONAL NAME | |
| Personal name | عزب، محمد زينهم |
| Relator term | محقق. |
| 905 ## - Cataloger and Reviser Names | |
| Cataloger Name | Huda |
| 942 ## - ADDED ENTRY ELEMENTS (KOHA) | |
| Source of classification or shelving scheme | Dewey Decimal Classification |
| Koha item type | Books |
| Edition | 21 |
| Suppress in OPAC | No |
| Withdrawn status | Lost status | Source of classification or shelving scheme | Damaged status | Not for loan | Home library | Current library | Date acquired | Inventory number | Total checkouts | Full call number | Barcode | Date last seen | Price effective from | Koha item type |
|---|---|---|---|---|---|---|---|---|---|---|---|---|---|---|
| Dewey Decimal Classification | Not for loan | المكتبة المركزبة الجديدة - جامعة القاهرة | قاعة المكتبات المهداة - الدور الرابع | 05.05.2026 | 175452 | 258.3092 K1962 1993 v.1 Ref. J.U. | 01000100175452001 | 05.05.2026 | 05.05.2026 | Reference | ||||
| Dewey Decimal Classification | Not for loan | المكتبة المركزبة الجديدة - جامعة القاهرة | قاعة المكتبات المهداة - الدور الرابع | 05.05.2026 | 175452 | 258.3092 K1962 1993 v.2 Ref. J.U. | 01000100175452002 | 05.05.2026 | 05.05.2026 | Reference | ||||
| Dewey Decimal Classification | Not for loan | المكتبة المركزبة الجديدة - جامعة القاهرة | قاعة المكتبات المهداة - الدور الرابع | 05.05.2026 | 175452 | 258.3092 K1962 1993 v.3 Ref. J.U. | 01000100175452003 | 05.05.2026 | 05.05.2026 | Reference |